| 000 | 00569nam a2200169 i 4500 | ||
|---|---|---|---|
| 001 | 52389 | ||
| 003 | ES-MaACL | ||
| 005 | 20230906162555.0 | ||
| 007 | t| | ||
| 008 | 030828s1975 sp ||||1| spa d | ||
| 100 | 1 |
_aChaves Fernández, Manuel. _938270 |
|
| 245 | 1 | 3 |
_aEl Tribunal de la Aguas de Valencia y su ejemplaridad jurídica / _cpor Manuel Chaves Fernández. |
| 260 |
_a[S.l : _bs.n, _c1975] ( _eMadrid : _fGráf. Benzal) |
||
| 300 |
_a6 h. ; _c24 cm. |
||
| 500 | _aTirada aparte de "Arbor", nº 359, 1975, pp. 117-128. | ||
| 852 |
_aES-MaACL _j2100-F-30 _bR.93966 |
||
| 999 |
_c52389 _d52389 |
||